000 00891nam a2200241 a 4500
001 000023457
005 20260310121619.0
008 101208s2006 ck r 000 0 spa d
020 _a9586711072
040 _aDO-SdBNP
_bspa
_cBNPHU
082 _a346.0482
_bA189m
100 1 _aAcuña, Oscar
_948334
245 1 0 _aManual de derecho de autor :
_bpara las bibliotecas públicas en Colombia /
_cOscar Acuña; prólogo de Mary Girlado.
260 _aBogotá, (Colombia) :
_bCERLALC,
_c2006.
300 _a98 p. ;
_c22 cm.
500 _aIncluye notas al pie de páginas
650 0 _aDerechos de autor
_9551
650 0 _aPatentes de invención
_xLegislación
_948335
650 4 _aPropiedad industrial
_xLegislación
_xManuales
_948336
700 1 _aGirlado, Mary,
_epról.
_948337
710 2 _aCentro Regional para el Fomento del Libro en América Latina y el Caribe
_948338
049 _aBNGR
999 _c22953
_d22953